Catálogo
 En Linea

Recopilación jurisprudencial integrada : (Registro nro. 40196)

Detalles MARC
000 -CABECERA
campo de control de longitud fija 00951nam a2200205 a 4500
001 - NÚMERO DE CONTROL
campo de control 000040706
005 - FECHA Y HORA DE LA ÚLTIMA TRANSACCIÓN
campo de control 20201002034323.0
008 - DATOS DE LONGITUD FIJA--INFORMACIÓN GENERAL
campo de control de longitud fija 090702s2013 dr 000 0 spa d
040 ## - FUENTE DE LA CATALOGACIÓN
Centro catalogador/agencia de origen DO-SdBNP
Lengua de catalogación spa
Centro/agencia transcriptor BNPHU
082 ## - NÚMERO DE LA CLASIFICACIÓN DECIMAL DEWEY
Número de clasificación 347.035
Número de documento/Ítem R426r, 2012
110 1# - ENTRADA PRINCIPAL--NOMBRE DE ENTIDAD CORPORATIVA
Nombre de entidad corporativa o nombre de jurisdicción como elemento de entrada República Dominicana
Unidad subordinada Suprema Corte de Justicia.
9 (RLIN) 7906
245 10 - MENCIÓN DE TÍTULO
Título Recopilación jurisprudencial integrada :
Resto del título de las decisiones del tribunal constitucional de la Dominicana (sentencias año 2012) /
Mención de responsabilidad, etc. L. Almanzor González Canahuate [compilador].
260 ## - PUBLICACIÓN, DISTRIBUCIÓN, ETC.
Lugar de publicación, distribución, etc. Santo Domingo :
Nombre del editor, distribuidor, etc. Suprema Corte de Justicia ,
Fecha de publicación, distribución, etc. 2013.
300 ## - DESCRIPCIÓN FÍSICA
Extensión 774 p. ;
Dimensiones 24 cm.
590 ## - NOTA LOCAL (RLIN)
Nota local Inventariado, 2020/MFF
650 #4 - PUNTO DE ACCESO ADICIONAL DE MATERIA--TÉRMINO DE MATERIA
Término de materia o nombre geográfico como elemento de entrada Jurisprudencia
Subdivisión geográfica República Dominicana
Subdivisión general Recopilaciones, repertorios, etc.
Subdivisión cronológica 2012
9 (RLIN) 67085
650 #4 - PUNTO DE ACCESO ADICIONAL DE MATERIA--TÉRMINO DE MATERIA
Término de materia o nombre geográfico como elemento de entrada Sentencias
Subdivisión geográfica República Dominicana
Subdivisión general Recopilaciones, repertorios, etc.
Subdivisión cronológica 2012
9 (RLIN) 67086
700 12 - PUNTO DE ACCESO ADICIONAL--NOMBRE DE PERSONA
Nombre de persona González Canahuate, L. Almanzor,
Término indicativo de función/relación comp.
9 (RLIN) 5213
910 ## - DATOS DE OPCIÓN DEL USUARIO (OCLC)
Datos de opción del usuario Validado. Control de calidad MFF
Existencias
Estado de retiro Estado de pérdida Restricciones de uso No para préstamo Código de colección Localización permanente Ubicación/localización actual Ubicación en estantería Fecha de adquisición Número de inventario Total de préstamos Signatura topográfica completa Código de barras Fecha visto por última vez Número de copia Precio válido a partir de Tipo de ítem Koha
    Préstamo interno   Dominicana de Servicio General General Depósito 05.09.2013 LF1   347.035 R426r, 2012 40706-30 25.06.2020 e. 3 25.06.2020 Libro y Folleto Colección Dominicana de Servicio
      Excluido de préstamo Patrimonio Dominicano Patrimonio Dominicano Patrimonio Dominicano Depósito 05.09.2013 LF1   347.035 R426r, 2012 40706-10 25.06.2020 e. 2 25.06.2020 Libro y Folleto Colección Patrimonio Dominicano
      Excluido de préstamo Patrimonio Dominicano Patrimonio Dominicano Patrimonio Dominicano Depósito 05.09.2013 LF1   347.035 R426r, 2012 40706-20 25.06.2020   25.06.2020 Libro y Folleto Colección Patrimonio Dominicano

Con tecnología Koha